Опера Турандот (Запис номер 529721)
[ съкратено ]
| 000 -Лидер | |
|---|---|
| Лидер | 02290nim a2200301 a 4500 |
| 003 - Код на организацията, давaща контролен номер | |
| Код на организацията, даваща контролен номер | BLK |
| 005 - Дата и час на последна редакция | |
| Дата и час на последна редакция | 20250321135109.0 |
| 007 - Фиксирано поле за физическо описани | |
| Физическо описание | sd bmmalaaahaa |
| 008 - Елементи от данни с фиксирана дължина | |
| Елементи с фиксирана дължина | 221104b bu |||||s|||| 00| | bu d |
| 028 ## - PUBLISHER NUMBER | |
| Издателски номер | ВОА 10424-10426 |
| 040 ## - Източник на каталожния запис | |
| Код на библиотеката | BLK |
| 041 ## - Код за език | |
| Език на записа | Български |
| Език за КДБФ | Български |
| 080 ## - УДК | |
| УДК текст | Опера. Музикална драма. Романтична опера. Опера-приказка |
| УДК код | 782.1 |
| УДК – определител | (086.72) |
| УДК – код + определител | 782.1(086.72) |
| 100 ## - Редна дума - Автор | |
| R(LIN) | 387431 |
| Автор | Пучини, Джакомо |
| Години, свързани с автора | 1858 - 1924 |
| Биография на автора | Оперен композитор |
| Пълна форма на името | Пучини, Джакомо Антонио Доменико Микеле Секондо Мария |
| 245 ## - Сведения за заглавието | |
| Заглавие | Опера Турандот |
| Подзаглавни данни | лирична драма в 3 д. |
| Авторска отговорност | Дж. Пучини; либрето Джузепе Адами, Ренато Симони; изп. солисти с хор и орк. на Римската опера; дир. Франческо Молинари-Прадели. |
| 260 ## - Област на издателските данни | |
| Място на издаване | София |
| Име на издателя | Балкантон |
| Година на издаване | 1980 |
| 9 (RLIN) | 210374 |
| 300 ## - Физическа характеристика | |
| Брой страници | 3 грамофонни плочи |
| Илюстрации | 33 об/мин, стерео |
| Размер | 30 см, в кутия |
| 380 ## - Жанр | |
| Жанр | Изкуство |
| 500 ## - Общи забележки | |
| Обща забележка | Принцеса Турандот - Бригит Нилсон, Император Алтум - Анджело Меркуриали, Тимур - Боналдо Джайоти, Принц Калаф - Франко Корели, Лиу - Рената Ското, Пинг - Гуидо Мацини, Панг - Франко Ричарди, Понг - Пиеро де Палма, Мандарин - Джузепе Морези, Персийски принц - Пиеро де Палма. 1-ви глас - Йеда Валтриани, 2-ри глас- Ида Фарина<br/>Последният дует и края на оп. са завършени от Франко Алфано |
| 518 ## - Забележка за време/място на протичане на отразеното събитие | |
| Забележка за време и място на протичане на отразеното събитие | Записите са по лиценз от ЕМИ-Рекорд. |
| 650 #0 - Допълнително описание по предмет – тема | |
| 9 (RLIN) | 315971 |
| Предметна рубрика | Опера - драматургия |
| 700 1# - Други автори (авторска отговорност) | |
| 9 (RLIN) | 29528 |
| Друг автор | Адами, Джузепе |
| 700 ## - Други автори (авторска отговорност) | |
| 9 (RLIN) | 361658 |
| Друг автор | Симони, Ренато |
| Авт. отговорност на др. автор | либрето |
| 700 ## - Други автори (авторска отговорност) | |
| 9 (RLIN) | 497855 |
| Друг автор | Молинари-Прадели, Франческо |
| 852 ## - Местоположение | |
| Сигнатура (форматна) | Ф ІІ 4282 |
| Отдел | Хранилище |
| 942 ## - АРТИКУЛИ | |
| Вид на библиотечния документ | Грамофонни плочи |
| Скрит в OPAC | Не |
| 944 ## - СЪЗДАВАНЕ И РЕДАКЦИЯ на ЗАПИСА | |
| Дата на регистрацията/редакция | Севдалина Тодорова |
| Служител, извършил регистрацията/редакцията | 30540 |
| Статус, дата на статуса | Севдалина Тодорова |
| Създаване/Редакция | |
| 999 ## - СИСТЕМНИ КОНТРОЛНИ НОМЕРА | |
| Koha biblionumber | 529721 |
| Koha biblioitemnumber | 529721 |
| Код за отписване | Код за изгубен артикул | Източник на класификационната схема | Код за повреда | Коз за рестрикции | Код за отдаване | Артикулен № | Име на библиотеката - собственик | Име на библиотеката, в която се намира в момента | Статус (Текущо местоположение) | Дата на вписване в системата | Местоположение - отдел | Цена в лева | Номерация (Хронология) | Инвентарен номер | Систематично азбучна сигнатура | Баркод | Цена в евро | Служебен тип на артикула |
|---|---|---|---|---|---|---|---|---|---|---|---|---|---|---|---|---|---|---|
| Не е изгубен | Universal Decimal Classification | Не е повреден | само за читалня | ползва се в читалня | 964593 | Регионална библиотека "Любен Каравелов" Русе | Регионална библиотека "Любен Каравелов" Русе | Хранилище | 2025-03-21 | Хранилище | 2.30 | Плоча 1 | 10325 | Ф ІІ 4282 | 900000116282 | 1.18 | Грамофонни плочи | |
| Не е изгубен | Universal Decimal Classification | Не е повреден | само за читалня | ползва се в читалня | 964594 | Регионална библиотека "Любен Каравелов" Русе | Регионална библиотека "Любен Каравелов" Русе | Хранилище | 2025-03-21 | Хранилище | 2.30 | Плоча 2 | 10326 | Ф ІІ 4282 | 900000116283 | 1.18 | Грамофонни плочи | |
| Не е изгубен | Universal Decimal Classification | Не е повреден | само за читалня | ползва се в читалня | 964595 | Регионална библиотека "Любен Каравелов" Русе | Регионална библиотека "Любен Каравелов" Русе | Хранилище | 2025-03-21 | Хранилище | 2.30 | Плоча 3 | 10327 | Ф ІІ 4282 | 900000116284 | 1.18 | Грамофонни плочи |